000
00322nam a22001337a 4500
999
_c
15450
_d
15450
020
_a
8122501303
082
_a
637.14
_b
TUF/DA
100
_a
Tufail, Ahmad .
_9
3154
245
_a
Dairy plant engineering and management
250
_a
8 /
260
_a
Allahabad :
_b
Kitab Mahal ,
_c
2017.
300
_a
816p.;
942
_c
BK